000 00613nam a2200241Ia 4500
003 OSt
005 20221007062331.0
006 a|||||r|||| 00| 0
007 ta
008 221006b |||||||| |||| 00| 0 eng d
024 _a7,191
037 _cTextual
040 _aFLL
_cFLL
_beng
041 _2eng
_aeng
082 _aZ2:35, L0
100 _aKatiyar B.B. Au.
_9682631
245 0 _aSale of goods act
250 _a2nd
260 _aAllahabad
_bLaw book comp. India
_c1970
300 _axxxi,932p
_ccm.
942 _hZ2:35, L0
_cTEXL
_2CC
999 _c1128344
_d1128344